Größte Städte Deutschlands nach dem Alphabet - Statistiken

Allgemein
  • Dieses Quiz wurde 140 mal gespielt
  • Das Durchschnittsergebnis liegt bei 20 aus 25
Antwortstatistiken
Hint Antwort % Korrekt
B Berlin
100%
D Düsseldorf
97%
E Essen
97%
F Frankfurt
97%
H Hamburg
97%
M München
97%
K Köln
95%
C Chemnitz
92%
N Nürnberg
92%
S Stuttgart
90%
A Augsburg
87%
L Leipzig
86%
J Jena
82%
I Ingolstadt
77%
U Ulm
75%
X Xanten
75%
P Potsdam
73%
G Gelsenkirchen
70%
W Wuppertal
69%
Z Zwickau
65%
R Rostock
63%
Q Quedlinburg
62%
O Oberhausen
61%
T Trier
61%
V Villingen-Schwenningen
26%
Keine übereinstimmenden Quizze gefunden
Verteilung der Resultate
Anzahl Personen mit jedem Resultat
Perzentil nach korrekt beantworteten Fragen
Ihre Resultats-Entwicklung
Sie haben dieses Quiz noch nicht gespielt